Statistics for Largest cities in Greece

Click here to take the quiz!

General Stats

  • This quiz has been taken 41 times
  • The average score is 4 of 6

Answer Stats

Answer % Correct
Athens
100%
Thessaloniki
95%
Heraklion
63%
Patras
58%
Larissa
47%
Volos
42%

Score Distribution

Percentile by Number Answered

Percent of People with Each Score

Your Score History

You have not taken this quiz